000 00535nam a2200229Ia 4500
008 210210b1966 xxu||||| |||| 00| 0 eng d
041 _aeng
082 _a330/186
100 _aHAVENS (Henderson)
245 _aEconomics principles of income prices and growth
260 _aNew York
_bThe Macmillan Co
_c1966
650 _aprinciples
650 _aprices
650 _aof
650 _aincome
650 _agrowth
650 _aEconomics
650 _aand
690 _aEconomics
700 _aCRAMER
906 _a003589
999 _c119527
_d119527